000 00199 a2200097 4500
020 _a9781607513247
041 _aspa
100 _aGalan,Ana
245 _aComo ahorra sin perder la cabeza
942 _cBK
999 _c14875
_d14875